| 000 | 00820nam a2200217 a 4500 | ||
|---|---|---|---|
| 003 | 0 | ||
| 005 | 20250227084541.0 | ||
| 008 | 100826s19uu xx 00 eng d | ||
| 050 |
_aPGS QA 76.9.C66 _b.Al357 2010 |
||
| 100 | _aAlday, Krystle Marteen E. | ||
| 245 |
_aUses of electronic gadgets and social skills / _cKrystle Marteen E. Alday. |
||
| 260 |
_aLas PiƱas City, Philippines : _bSouthville International School and Colleges, _c2010. |
||
| 300 |
_a22 pages : _billustrations ; _c28 cm. |
||
| 504 | _aIncludes bibliographical references. | ||
| 650 |
_aTechnology _vSocial aspects. |
||
| 650 |
_aChildren _vUse of electronic devices. |
||
| 650 |
_aEducational technology _vImpact on students. |
||
| 650 | _aInterpersonal relationships in children. | ||
| 650 | _aSocial skills in children. | ||
| 942 |
_2lcc _cPASS |
||
| 999 |
_c98356 _d98356 |
||